<?xml version="1.0" encoding="UTF-8"?>
<record
    xmlns:xsi="http://www.w3.org/2001/XMLSchema-instance"
    xsi:schemaLocation="http://www.loc.gov/MARC21/slim http://www.loc.gov/standards/marcxml/schema/MARC21slim.xsd"
    xmlns="http://www.loc.gov/MARC21/slim">

  <leader>01939nam a2200205Ia 4500</leader>
  <datafield tag="952" ind1=" " ind2=" ">
    <subfield code="0">0</subfield>
    <subfield code="1">0</subfield>
    <subfield code="4">0</subfield>
    <subfield code="7">0</subfield>
    <subfield code="a">11</subfield>
    <subfield code="b">11</subfield>
    <subfield code="d">2007-01-08</subfield>
    <subfield code="l">10</subfield>
    <subfield code="o">BF318 G718 1979</subfield>
    <subfield code="p">11 004789</subfield>
    <subfield code="r">2016-09-22</subfield>
    <subfield code="s">2016-09-22</subfield>
    <subfield code="t">1</subfield>
    <subfield code="w">2012-06-26</subfield>
    <subfield code="y">LB</subfield>
  </datafield>
  <datafield tag="999" ind1=" " ind2=" ">
    <subfield code="c">70974</subfield>
    <subfield code="d">70974</subfield>
  </datafield>
  <controlfield tag="008">120626s1979    mx a          000 0 spa d</controlfield>
  <datafield tag="020" ind1=" " ind2=" ">
    <subfield code="a">9682407397</subfield>
  </datafield>
  <datafield tag="050" ind1=" " ind2=" ">
    <subfield code="a">QP355</subfield>
    <subfield code="b">G718 1979</subfield>
  </datafield>
  <datafield tag="100" ind1=" " ind2=" ">
    <subfield code="a">Grinberg Zylberbaum, Jacobo</subfield>
    <subfield code="e">autor</subfield>
  </datafield>
  <datafield tag="245" ind1=" " ind2=" ">
    <subfield code="a">Bases psicofisiol&#xF3;gicas de la memoria y el aprendizaje Volumen 2</subfield>
    <subfield code="b">: Localizaci&#xF3;n de la memoria y el aprendizaje </subfield>
    <subfield code="c">/ Jacobo Grinberg Zylberbaum; traducci&#xF3;n de Andrea Elena Gold Morgan</subfield>
  </datafield>
  <datafield tag="250" ind1=" " ind2=" ">
    <subfield code="a">2a. edici&#xF3;n</subfield>
  </datafield>
  <datafield tag="260" ind1=" " ind2=" ">
    <subfield code="a">M&#xE9;xico</subfield>
    <subfield code="b">: Trillas</subfield>
    <subfield code="c">, 1979</subfield>
  </datafield>
  <datafield tag="300" ind1=" " ind2=" ">
    <subfield code="a">292 p&#xE1;ginas</subfield>
    <subfield code="b">: ilustraciones</subfield>
  </datafield>
  <datafield tag="500" ind1=" " ind2=" ">
    <subfield code="a">Incluye: Pr&#xF3;logo (pp. 5-6), &#xCD;ndice anal&#xED;tico (pp. 285-292)</subfield>
  </datafield>
  <datafield tag="505" ind1=" " ind2=" ">
    <subfield code="a">En busca del engrama  
Engramas en el cerebro humano: mecanismos de memoria  
Memoria y las regiones temporales mediales del cerebro  
Ondas lentas hipoc&#xE1;mpicas: distribuci&#xF3;n y relaciones de fase en el curso de un aprendizaje de aproximaci&#xF3;n  
Efecto del bloqueo temporal del septum en el aprendizaje  
Investigaciones neurol&#xF3;gicas de la estructura asociativa de la memoria  
Papel que desempe&#xF1;a el cuerpo estriado de la rata en la adquisici&#xF3;n y retenci&#xF3;n de un condicionamiento de evitaci&#xF3;n pasiva  
Supresi&#xF3;n del condicionamiento motor mediante la inyecci&#xF3;n de 3M KCI en el n&#xFA;cleo caudado de gatos  
Efecto de lesiones caudadas y frontales sobre la adquisici&#xF3;n y extinci&#xF3;n de una respuesta operante  
Deterioro retroactivo del aprendizaje de evitaci&#xF3;n pasiva por la estimulaci&#xF3;n del n&#xFA;cleo caudado  
Efectos de la inyecci&#xF3;n de anest&#xE9;sicos y de adrenalina en el n&#xFA;cleo caudado, sobre la respuesta instrumental y su inhibici&#xF3;n condicionada  
Bloqueo reversible de respuestas condicionadas motoras por la aplicaci&#xF3;n de anest&#xE9;sicos locales en el n&#xFA;cleo caudado  
Centros de aprendizaje en el cerebro de la rata delineados midiendo las latencias de las respuestas unitarias condicionadas</subfield>
  </datafield>
  <datafield tag="519" ind1=" " ind2=" ">
    <subfield code="a"> </subfield>
    <subfield code="d"> </subfield>
  </datafield>
  <datafield tag="650" ind1=" " ind2="0">
    <subfield code="a">MEMORIA </subfield>
  </datafield>
  <datafield tag="650" ind1=" " ind2="0">
    <subfield code="a">PSICOFISIOLOG&#xCD;A</subfield>
  </datafield>
  <datafield tag="942" ind1=" " ind2=" ">
    <subfield code="c">LB</subfield>
  </datafield>
</record>
